Statistics for Countries with 8 Letters in its name.

Click here to take the quiz!

General Stats

  • This quiz has been taken 24 times
  • The average score is 17 of 23

Answer Stats

HintAnswer% Correct
EuropePortugal
86%
South AmericaColombia
82%
AfricaEthiopia
82%
EuropeBulgaria
77%
AsiaCambodia
77%
North AmericaDominica
77%
North AmericaHonduras
77%
AsiaMalaysia
77%
EuropeSlovakia
77%
EuropeSlovenia
77%
AfricaBotswana
73%
AfricaCameroon
73%
AfricaDjibouti
73%
South AmericaParaguay
73%
AsiaThailand
73%
North AmericaBarbados
68%
OceaniaKiribati
68%
AsiaMongolia
68%
AsiaPakistan
68%
AfricaZimbabwe
68%
AsiaMaldives
55%
AfricaTanzania
55%
AfricaEswatini
50%

Score Distribution

Percentile by Number Answered

Percent of People with Each Score

Your Score History

You have not taken this quiz